000
00268nam a22001217a 4500
020
_a
0-82-1157-5
082
_a
621.46 ALE'E
100
_a
ALARICH, W. N
_9
75920
245
_a
ELECTRIC MOTOR CONTROL
260
_a
NEWYORK
_b
DELMAR
_c
1975
300
_a
226P
942
_c
BK
999
_c
581329
_d
581329